|
|
|
|
| LEADER |
00000ny a22000003n 4500 |
| 005 |
20110610142347.0 |
| 008 |
020219s2001 sp 001 spa c |
| 017 |
|
|
|a D.L.M15477-01
|
| 020 |
|
|
|a 9788495748003
|
| 035 |
|
|
|a 2577
|
| 040 |
|
|
|a UMA.RLB
|d vLex
|
| 080 |
|
|
|a 347.91/.95
|
| 080 |
|
|
|a 347.955(460)
|
| 090 |
|
|
|c 638
|d 638
|
| 100 |
1 |
|
|a Navarro Hernǹ, Manuel
|
| 245 |
1 |
0 |
|a Recursos y otros medios de impugnacin̤
|h [Recurso electrn̤ico]
|b ley 1/2000 de Enjuiciamiento Civil /
|c Manuel Navarro Hernǹ
|
| 256 |
|
|
|a Servicio en ln̕ea
|
| 260 |
|
|
|a Madrid :
|b DIJUSA,
|c 2001
|
| 300 |
|
|
|a 412 p. ;
|c 25 cm.
|
| 506 |
1 |
|
|a Contenido solo disponible en los productos indicados
|d vLex Global
|d vLex Global (Academic Edition, excluding Law Schools)
|d vLex Global (U.S. Academic Edition, Law Schools)
|d vLex Global (U.S. Academic Edition, excluding Law Schools)
|d vLex Global (Academic Edition, Law Schools)
|
| 650 |
0 |
7 |
|2 Tesauro vLex
|a Ley de enjuiciamiento civil
|
| 650 |
0 |
7 |
|2 Tesauro vLex
|a Procesal
|
| 650 |
0 |
7 |
|2 Tesauro vLex
|a Recursos procesales
|
| 710 |
1 |
|
|a Espaą.
|t Ley de Enjuiciamiento civil, 2000
|
| 740 |
0 |
|
|a vLex Libros (Servicios en ln̕ea)
|
| 856 |
4 |
0 |
|z Acceso restringido
|u http://vlex.com/source/ley-1-2000-de-enjuiciamiento-civil-recursos-otros-medios-impugnacion--2577
|
| 942 |
|
|
|c BOOK
|
| 999 |
0 |
|
|a Procedure (Law)
|b Madrid
|